1858 1458 1572 1562 1599 1397 1772 1988 1124 1045 1440 1119 1702 1465 1240 1105 1667 1149 1332 1966 1891 1245 1506 1469 1228 1055 1595 1526 1208 1940 1688 1545 1609 1593 1406 1872 1921 1960 1351 1057 1944 1247 1288 1835 1764 1945 1820 1807 1184 1370 1958 1887 1359 1306 1275 1289 1477 1756 1310 1262 1364 1525 1697 1613 1731 1470 1224 1568 1203 1293 1237 1696 1118 1481 1042 1502 1951 1591 1359 1527 1186 1779 1355 1996 1220 1036 1871 1173 1184 1418 1397 1633 1948 1995 1427 1396 1520 1025 1521 BCNSPRNW ULIB Ver.6.0+V

เปลี่ยนเป็นภาษาไทย

Change to English
 แสดงรายละเอียดบรรณานุกรม
  กลับหน้าหลัก

Brief Record : Get Marc (ISO 2709) : E-mail record : QR code < ปิดหน้าต่าง
LEADER : 00000nam 2200000uu 4500
001    13399123192
003     ULIB
008    140612s2550||||th 000 0 tha d
020    ^a9749993934
020    ^a9789749993934
040    ^abpr
050  4 ^aHN700.55^bส558ท
100 0  ^aสัญญา สัญญาวิวัฒน์
245 10 ^aทฤษฎีและกลยุทธ์การพัฒนาสังคม /^cสัญญา สัญญาวิวัฒน์
250    ^aพิมพ์ครั้งที่ 7
260    ^aกรุงเทพฯ :^bโรงพิมพ์แห่งจุฬาลงกรณ์มหาวิทยาลัย,^c2550
300    ^a192 หน้า ;^c21 ซม.
650  4 ^aการพัฒนาสังคม
651  7 ^aไทย^xภาวะสังคม
945    ^p105^l0^i14986
995    ^aทศพร
999    ^aทศพร เกษรทอง
รายการนี้ยังไม่มีแท็ก
คุณยังไม่ได้ล็อกอิน คุณสามารถมีกิจกรรมร่วมกับเว็บไซต์ได้ แต่ต้องล็อกอินก่อน ::
  ล็อกอิน

รายการสื่อสารสนเทศ

ลำดับที่ ประเภท เลขเรียก/บาร์โค้ด สถานที่ สถานะ
1. การศึกษาทั่วไป
การศึกษาทั่วไป
HN700.55 ส558ท ฉ.1 
  Barcode: 14986
ห้องสมุดวิทยาเขตนครสวรรค์
►หนังสือทั่วไป:l:General Books
บนชั้น

รายการใกล้เคียง
    ผู้แต่ง [สัญญา สัญญาวิวัฒน์]

    หัวเรื่อง [การพัฒนาสังคม]

BibComment


ยังไม่เคยถูกคอมเมนท์

คอมเมนท์ทรัพยากรรายการนี้
  คอมเมนท์: ทฤษฎีและกลยุทธ์ก..


 Copyright 2026. Bcnsprnw @Library